| 000 | 00585nam a2200229Ia 4500 | ||
|---|---|---|---|
| 003 | OSt | ||
| 005 | 20221007071550.0 | ||
| 006 | a|||||r|||| 00| 0 | ||
| 007 | ta | ||
| 008 | 221006b |||||||| |||| 00| 0 eng d | ||
| 024 | _a24,898 | ||
| 037 | _cTextual | ||
| 040 |
_aFLL _cFLL _beng |
||
| 041 |
_2eng _aeng |
||
| 082 | _aZ3, L0 | ||
| 100 |
_aBennion F.A.R. _910907 |
||
| 245 | 0 | _aTragling with the law | |
| 260 |
_aLondon _bChatto & Windus London _c1970 |
||
| 300 |
_avii,1-158p _ccm. |
||
| 942 |
_hZ3, L0 _cTEXL _2CC |
||
| 999 |
_c1143695 _d1143695 |
||